The civil service in Commonwealth Africa (Record no. 79388)

MARC details
000 -LEADER
fixed length control field 00726nam a2200169 a 4500
008 - FIXED-LENGTH DATA ELEMENTS--GENERAL INFORMATION
fixed length control field 120416s1965 ||||||||||||||||| || u
050 ## - LIBRARY OF CONGRESS CALL NUMBER
Classification number JQ 1876 Adu
100 ## - MAIN ENTRY--PERSONAL NAME
Personal name Adu, Amishadai L
245 14 - TITLE STATEMENT
Title The civil service in Commonwealth Africa
260 ## - PUBLICATION, DISTRIBUTION, ETC.
Place of publication, distribution, etc. London
Name of publisher, distributor, etc. George Allen & Unwin
Date of publication, distribution, etc. [1965]
300 ## - PHYSICAL DESCRIPTION
Extent 242p., [22] : ill.
350 ## -
-- 0.00
650 ## - SUBJECT ADDED ENTRY--TOPICAL TERM
Topical term or geographic name entry element CIVIL SERVICE--AFRICA
650 ## - SUBJECT ADDED ENTRY--TOPICAL TERM
Topical term or geographic name entry element ADMINISTRATION
995 ## -
-- ANNEX COLLECTION (Main Library)
-- 0.00
-- 700026
-- CBU-MAIN LIBRARY (Kitwe)
-- 1
-- 0.00
-- JQ 1876 Adu
-- 1
-- AVAILABLE
-- 009066
-- Annex Low-Usage Collection
995 ## -
-- ANNEX COLLECTION (Main Library)
-- 0.00
-- 727650
-- CBU-MAIN LIBRARY (Kitwe)
-- 2
-- 0.00
-- JQ 1876 Adu
-- 2
-- AVAILABLE
-- 025536
-- Annex Low-Usage Collection
999 ## -
-- 79388
-- 79388
Holdings
Withdrawn status Lost status Source of classification or shelving scheme Damaged status Not for loan Permanent Location Current Location Shelving location Date acquired Total Checkouts Full call number Barcode Date last seen Copy number Price effective from Koha item type
          CBU-MAIN LIBRARY, KITWE. CBU-MAIN LIBRARY, KITWE.   06/29/2023   JQ 1876 Adu 009066 06/29/2023 1 06/29/2023 MONOGRAPH
          CBU-MAIN LIBRARY, KITWE. CBU-MAIN LIBRARY, KITWE.   06/29/2023   JQ 1876 Adu 025536 06/29/2023 2 06/29/2023 MONOGRAPH